[Event "Imperia Savona Province-ch"]
[Site "Alassio"]
[Date "2016.01.16"]
[Round "2"]
[White "Badano, Fabio"]
[Black "Picasso, Filippo"]
[Result "0-1"]
[WhiteElo "1760"]
[BlackElo "1474"]
[PlyCount "92"]
[EventDate "2016.01.15"]
[EventType "swiss"]
[EventRounds "5"]
[EventCountry "ITA"]
[SourceTitle "EXT 2018"]
[Source "ChessBase"]
[SourceDate "2017.10.13"]
[SourceVersion "1"]
[SourceVersionDate "2017.10.13"]
[SourceQuality "1"]

1. e4 e5 2. Nf3 Nc6 3. Bb5 Nge7 4. d4 a6 5. Ba4 exd4 6. Nxd4 b5 7. Nxc6 Nxc6 8. Bb3 Bc5 9. Bxf7+ Kxf7 10. Qh5+ g6 11. Qxc5 Qf6 12. 0-0 Re8 13. Nc3 Re5 14. Qe3 Bb7 15. f4 Re7 16. Nd5 Qd6 17. Nxe7 Kxe7 18. Bd2 Re8 19. Bc3 Kd8 20. Rad1 Qe6 21. e5 d5 22. a3 Kc8 23. Rf2 Ne7 24. Qh3 Nf5 25. Qxh7 Ne3 26. Rd3 d4 27. Ba5 Qc6 28. Rxe3 dxe3 29. Qh3+ Kb8 30. Qxe3 Re6 31. Rd2 Qe8 32. Qc3 Qe7 33. Bb4 Qe8 34. Qd4 Qc6 35. Qd7 Qb6+ 36. Qd4 Qc6 37. Bc5 Re8 38. b4 Qe6 39. Qd7 Qg8 40. Qg4 Bc8 41. Qe2 g5 42. Qe4 Bb7 43. Qe3 gxf4 44. Qxf4 Qg7 45. Qf6 Qg8 46. Bf2 Qxg2# 0-1

[Event "Arco op 33rd"]
[Site "Arco"]
[Date "2011.10.27"]
[Round "6"]
[White "Badano, Fabio"]
[Black "Kern, Beat"]
[Result "1-0"]
[WhiteElo "1741"]
[BlackElo "1691"]
[PlyCount "45"]
[EventDate "2011.10.22"]
[EventType "swiss"]
[EventRounds "9"]
[EventCountry "ITA"]
[SourceTitle "EXT 2012"]
[Source "ChessBase"]
[SourceDate "2011.11.24"]
[SourceVersion "1"]
[SourceVersionDate "2011.11.24"]
[SourceQuality "1"]

1. e4 g6 2. d4 d6 3. Nc3 Bg7 4. Be3 Nc6 5. Qd2 Nf6 6. f3 0-0 7. 0-0-0 e6 8. Bh6 a6 9. h4 b5 10. Bxg7 Kxg7 11. h5 Nxh5 12. g4 Nf6 13. Qh6+ Kh8 14. Nge2 Rg8 15. e5 Qf8 16. exf6 Qxh6+ 17. Rxh6 g5 18. Ng3 Rg6 19. Rxg6 hxg6 20. Nce4 e5 21. Nxg5 Kg8 22. d5 Nd4 23. c3 1-0

[Event "Imperia Corallo op-A 3rd"]
[Site "Imperia"]
[Date "2008.11.23"]
[Round "5"]
[White "Gallitto, Salvatore"]
[Black "Badano, Fabio"]
[Result "1-0"]
[WhiteElo "1960"]
[BlackElo "1811"]
[PlyCount "87"]
[EventDate "2008.11.21"]
[EventType "swiss"]
[EventRounds "5"]
[EventCountry "ITA"]
[SourceTitle "EXT 2011"]
[Source "ChessBase"]
[SourceDate "2010.11.26"]
[SourceVersion "1"]
[SourceVersionDate "2010.11.26"]
[SourceQuality "1"]

1. d4 Nf6 2. e3 e6 3. f4 d5 4. Bd3 c5 5. c3 Be7 6. Nf3 Bd7 7. Nbd2 Nc6 8. Ne5 Rb8 9. Qe2 a6 10. a4 c4 11. Bc2 Na5 12. 0-0 0-0 13. g4 h6 14. h4 Ne4 15. g5 hxg5 16. Nxe4 dxe4 17. hxg5 g6 18. Qh2 Bxg5 19. fxg5 Qxg5+ 20. Qg2 Qxg2+ 21. Kxg2 Be8 22. Bxe4 Nb3 23. Ra3 f5 24. Bc2 Nxc1 25. Rxc1 b5 26. axb5 axb5 27. b4 Kg7 28. Ra7+ Kf6 29. Rh1 Rd8 30. Bd1 Rd5 31. Bf3 Rxe5 32. dxe5+ Kxe5 33. Ra8 g5 34. Kf2 g4 35. Bb7 f4 36. exf4+ Rxf4+ 37. Kg3 Bg6 38. Re1+ Be4 39. Rd8 Rf3+ 40. Kxg4 Rf4+ 41. Kg5 Rf5+ 42. Kh6 Rf6+ 43. Kg7 Rg6+ 44. Kf7 1-0

[Event "Genova Primavera op 10th"]
[Site "Genova"]
[Date "2007.03.24"]
[Round "3"]
[White "Badano, Fabio"]
[Black "Pedemonte, Claudio"]
[Result "0-1"]
[WhiteElo "1804"]
[BlackElo "1928"]
[PlyCount "82"]
[EventDate "2007.03.23"]
[EventType "swiss"]
[EventRounds "5"]
[EventCountry "ITA"]
[SourceTitle "EXT 2008"]
[Source "ChessBase"]
[SourceDate "2007.11.25"]
[SourceVersion "1"]
[SourceVersionDate "2007.11.25"]
[SourceQuality "1"]

1. e4 d5 2. exd5 Qxd5 3. Nc3 Qa5 4. d4 Nf6 5. Bc4 Bf5 6. Bd2 Qb6 7. Nf3 c6 8. h3 h6 9. g4 Bh7 10. Bb3 e6 11. Qe2 Nbd7 12. 0-0-0 0-0-0 13. Bf4 Nd5 14. Nxd5 exd5 15. Rhe1 Nf6 16. Ne5 Bd6 17. Bg3 Qc7 18. f3 Rhe8 19. Qf2 Kb8 20. c4 c5 21. Bc2 Bxc2 22. Qxc2 Qa5 23. Bf2 Qxa2 24. Rd3 cxd4 25. Bxd4 dxc4 26. Rde3 Qa1+ 27. Qb1 Qa5 28. Nxc4 Qxe1+ 29. Kc2 Qxb1+ 30. Kxb1 Rxe3 31. Bxe3 b5 32. Na5 Rc8 33. Bd2 Nd5 34. Nb3 Bb4 35. Bc1 Bc5 36. Nxc5 Rxc5 37. h4 Kb7 38. f4 Kc6 39. g5 h5 40. Bd2 Rc4 41. f5 Rxh4 0-1

[Event "Imperia Corallo op-A 1st"]
[Site "Imperia"]
[Date "2006.11.26"]
[Round "4"]
[White "Badano, Fabio"]
[Black "Poletti, Fausto"]
[Result "0-1"]
[WhiteElo "1813"]
[BlackElo "2053"]
[PlyCount "92"]
[EventDate "2006.11.24"]
[EventType "swiss"]
[EventRounds "5"]
[EventCountry "ITA"]
[SourceTitle "EXT 2024"]
[Source "ChessBase"]
[SourceDate "2023.10.10"]
[SourceVersion "1"]
[SourceVersionDate "2023.10.10"]
[SourceQuality "1"]

1. e4 c5 2. Nf3 Nc6 3. d4 cxd4 4. Nxd4 Nf6 5. Nc3 e5 6. Ndb5 d6 7. Bg5 a6 8. Na3 b5 9. Bxf6 gxf6 10. Nd5 f5 11. exf5 Bxf5 12. c3 Bg7 13. Nc2 0-0 14. Nce3 Be6 15. Qh5 f5 16. g3 Ra7 17. Bg2 Ne7 18. Nxe7+ Qxe7 19. Bd5 Bxd5 20. Nxd5 Qe6 21. Rd1 Qg6 22. Qxg6 hxg6 23. 0-0 Kf7 24. Nb4 Ke6 25. Nd5 Rc8 26. Rfe1 Rc6 27. Re2 Bh6 28. f3 a5 29. b3 Rc5 30. Nf4+ Bxf4 31. gxf4 Rxc3 32. fxe5 dxe5 33. Rde1 Rc5 34. h4 Rd7 35. Kf1 Rd4 36. Rh2 Rc3 37. Rh3 Rdd3 38. h5 gxh5 39. Rxh5 Rxf3+ 40. Kg2 e4 41. Rh6+ Ke5 42. Re2 b4 43. Ra6 Rc5 44. Ra8 Rfc3 45. Kf2 Rc2 46. a3 bxa3 0-1